شرح الفصيح / (رقم التسجيلة. 30107)
[ عرض عادي ]
| 000 -LEADER | |
|---|---|
| fixed length control field | 00676nam a22001937a 4500 |
| 005 - DATE AND TIME OF LATEST TRANSACTION | |
| control field | 20251108165530.0 |
| 008 - FIXED-LENGTH DATA ELEMENTS--GENERAL INFORMATION | |
| fixed length control field | 250721s1988 xx 000 0 ara d |
| 082 14 - DEWEY DECIMAL CLASSIFICATION NUMBER | |
| Classification number | م/413/هشا |
| 100 1# - MAIN ENTRY--PERSONAL NAME | |
| Personal name | إبن هشام اللخمي، محمد بن أحمد |
| 245 10 - TITLE STATEMENT | |
| Title | شرح الفصيح / |
| 264 1# - PRODUCTION, PUBLICATION, DISTRIBUTION, MANUFACTURE, AND COPYRIGHT NOTICE | |
| Place of production, publication, distribution, manufacture | بغداد : |
| Name of producer, publisher, distributor, manufacturer | وزارة الثقافة و الإعلام - دارة الآثار و التراث، |
| Date of production, publication, distribution, manufacture, or copyright notice | 1988. |
| 300 ## - PHYSICAL DESCRIPTION | |
| Extent | 452ص |
| 490 0# - SERIES STATEMENT | |
| Series statement | سلسلة خزانة دار صدام للمخطوطات ؛ 4 |
| 650 17 - SUBJECT ADDED ENTRY--TOPICAL TERM | |
| Topical term or geographic name as entry element | اللغة العربية |
| 650 17 - SUBJECT ADDED ENTRY--TOPICAL TERM | |
| Topical term or geographic name as entry element | القواميس |
| 700 1# - ADDED ENTRY--PERSONAL NAME | |
| Personal name | جاسم، مهدي عيد |
| Relator term | تحقيق |
| 942 ## - ADDED ENTRY ELEMENTS (KOHA) | |
| Source of classification or shelving scheme | Dewey Decimal Classification |
| Koha item type | مراجع |
| حالة السحب | حالة الفقدان | مصدر التصنيف | حالة التلف | غير قابل للإعارة | المكتبة الرئيسية | المكتبة الحالية | موقع الرف | تاريخ التزويد | الرقم المتسلسل | Total Checkouts | رقم الإستدعاء | الباركود | تاريخ آخر ظهور | تاريخ الفاتورة | نوع المادة (كوها) |
|---|---|---|---|---|---|---|---|---|---|---|---|---|---|---|---|
| Dewey Decimal Classification | Not For Loan | المكتبة المركزية | المكتبة المركزية | مراجع | 06/07/2004 | 162963 | م/413/هشا | 162963 | 28/07/2025 | 06/07/2004 | مراجع | ||||
| Dewey Decimal Classification | مكتبة الأميرة ايمان العامة | مكتبة الأميرة ايمان العامة | الإعارة | 28/07/2025 | 553148 | م/413/هشا | 553148 | 28/07/2025 | 28/07/2025 | مراجع | |||||
| Dewey Decimal Classification | Not For Loan | مكتبة البراعم الواعدة | مكتبة البراعم الواعدة | مراجع | 19/05/2018 | 1653367 | م/413/هشا | PLD00421336 | 28/07/2025 | 19/05/2018 | مراجع | ||||
| Dewey Decimal Classification | Not For Loan | مكتبة الجويدة | مكتبة الجويدة | مراجع | 28/07/2025 | 553188 | م/413/هشا | 553188 | 28/07/2025 | 28/07/2025 | مراجع |